| 000 | 01529nam a2200397Ia 4500 | ||
|---|---|---|---|
| 001 | dia_5352 | ||
| 003 | CHAP | ||
| 005 | 20241015115632.0 | ||
| 007 | ta | ||
| 008 | 220117s1981 mx a f 001 0 spa d | ||
| 040 |
_cCHAP _amxchpua |
||
| 090 |
_aT.C.6 _bR37 IAI _c1981 |
||
| 245 | 1 | 0 |
_aCultivos tropicales / _ccoordinadores Luis Felipe Ramayo Ramírez y Adalberto Gómez Cruz ; colaboradores Susana Aburto Moreno, Lázaro Pérez Mogollán y Bolivar Vivos Paz |
| 260 |
_aMéxico : _bEl autor, _c1981 |
||
| 300 | _aaproximadamente 100 hojas | ||
| 336 |
_2rdacontent _atexto _btxt |
||
| 337 |
_2rdamedia _asin medio _bn |
||
| 338 |
_2rdacarrier _avolumen _bnc |
||
| 500 | _aGrado 5° | ||
| 502 |
_aViaje de estudios _b(IAI) -- _cUACh. Departamento de Ingeniería Agroindustrial, _d1981 |
||
| 505 | 0 |
_aVisitas: -- _t1. Beneficio de café 2. INMECAFE, Jalapa, Ver. |
|
| 650 | 1 | 3 |
_aCafé _xIndustria _917085 _zMéxico |
| 650 | 1 | 3 |
_aCoffee _xIndustry _9147895 _zMexico |
| 700 | 1 |
_aGómez Cruz, Adalberto _9147645 _ecoordinador |
|
| 700 | 1 |
_aRamayo Ramírez, Luis Felipe _ecoordinador _993821 |
|
| 700 | 1 |
_aAburto Moreno, Susana _9345 _ecolaborador |
|
| 700 | 1 |
_aPérez Mogollán, Lázaro _9158404 _ecolaborador |
|
| 700 | 1 |
_aVivos Paz, Bolivar _9158406 _ecolaborador |
|
| 856 | 4 | 1 |
_uhttp://10.13.5.2/ve/TC6IAI/TC6IAI1981-Reporte.pdf _yDESCARGAR REPORTE |
| 901 | _aT.C.6 R36 1981 | ||
| 902 | _aA | ||
| 905 | _a5232271981 mx ai 8222223322spa16 | ||
| 942 | _2local | ||
| 942 | _cVE | ||
| 999 |
_c176290 _d176290 |
||